Study of hydropower potential at Khanpur Dam (Record no. 551181)

000 -LEADER
fixed length control field 00404nam a22001457a 4500
082 ## - DEWEY DECIMAL CLASSIFICATION NUMBER
Classification number P-418(A)
100 ## - MAIN ENTRY--PERSONAL NAME
Personal name SGT Ghazanfar
9 (RLIN) 48164
245 ## - TITLE STATEMENT
Title Study of hydropower potential at Khanpur Dam
Statement of responsibility, etc. SGT Ghazanfar, GC Asmat Ullah
260 ## - PUBLICATION, DISTRIBUTION, ETC.
Place of publication, distribution, etc. Risalpur
Name of publisher, distributor, etc. MCE
Date of publication, distribution, etc. 2009
300 ## - PHYSICAL DESCRIPTION
Extent xiv, 95 p:
526 ## - STUDY PROGRAM INFORMATION NOTE
Program name 0
Interest level 0
Reading level 0
Title point value P_418A
650 ## - SUBJECT ADDED ENTRY--TOPICAL TERM
Topical term or geographic name entry element Project
700 ## - ADDED ENTRY--PERSONAL NAME
Personal name Lecturer Zulfiqar Ali Khan
9 (RLIN) 48165
942 ## - ADDED ENTRY ELEMENTS (KOHA)
Source of classification or shelving scheme
Koha item type Book
Holdings
Withdrawn status Lost status Source of classification or shelving scheme Damaged status Not for loan Permanent Location Current Location Date acquired Total Checkouts Full call number Barcode Date last seen Price effective from Koha item type Public note
          Military College of Engineering (MCE) Military College of Engineering (MCE) 12/04/2014   P-418(A) MCE-P-418-A 12/04/2014 03/14/2021 Book Project
© 2023 Central Library, National University of Sciences and Technology. All Rights Reserved.